Vector mechanics for engineers (Record no. 4856)

000 -LEADER
fixed length control field 00594nam a2200217 a 4500
001 - CONTROL NUMBER
control field 4856
003 - CONTROL NUMBER IDENTIFIER
control field BD-DhUET
008 - FIXED-LENGTH DATA ELEMENTS--GENERAL INFORMATION
fixed length control field 840307s1984 nyua 001 0 eng
020 ## - INTERNATIONAL STANDARD BOOK NUMBER
International Standard Book Number 0070044384
040 ## - CATALOGING SOURCE
Original cataloging agency DLC
Transcribing agency DLC
Modifying agency BD-DhUET
082 00 - DEWEY DECIMAL CLASSIFICATION NUMBER
Classification number 620.1
Item number BEE/1984
100 ## - MAIN ENTRY--PERSONAL NAME
Personal name Beer, Ferdinand P.
245 10 - TITLE STATEMENT
Title Vector mechanics for engineers
Remainder of title statics and dynamics
250 ## - EDITION STATEMENT
Edition statement 4th ed.
260 ## - PUBLICATION, DISTRIBUTION, ETC. (IMPRINT)
Place of publication, distribution, etc. New York
Name of publisher, distributor, etc. McGraw-Hill
Date of publication, distribution, etc. 1984
300 ## - PHYSICAL DESCRIPTION
Extent xxi, 926 p.
Other physical details ill.
Dimensions 24 cm.
504 ## - BIBLIOGRAPHY, ETC. NOTE
Bibliography, etc Includes bibliographies
650 #0 - SUBJECT ADDED ENTRY--TOPICAL TERM
Topical term or geographic name as entry element Engineering instruments
700 1# - ADDED ENTRY--PERSONAL NAME
Personal name Johnston, E. Russell
942 ## - ADDED ENTRY ELEMENTS (KOHA)
Koha item type General Book
Holdings
Koha date last borrowed Damaged status Koha normalized classification for sorting Withdrawn status Date acquired Not for loan Copy number Shelving location Sublocation or collection (holding branch) Location (home branch) Koha issues (times borrowed) Price effective from Koha full call number Lost status Piece designation (barcode) Koha item type Koha date last seen Source of classification or shelving scheme
  620_100000000000000_BEE_1984 2014-11-23 1Circulation sectionCentral Library, BUETCentral Library, BUET 2014-11-23620.1/BEE/1984 66051General Book2015-12-08 
2022-06-12 620_000000000000000_1BEE1984 2014-11-24 1Circulation sectionCentral Library, BUETCentral Library, BUET22014-11-24620.1/BEE/1984 66042General Book2022-06-20 
2023-01-10 620_100000000000000_BEE_1984 2014-11-29 1Circulation sectionCentral Library, BUETCentral Library, BUET42014-11-29620.1/BEE/1984 66086General Book2023-06-07 
2025-04-30 620_100000000000000_BEE_1984 2014-12-11 49Circulation sectionCentral Library, BUETCentral Library, BUET12014-12-11620.1 /BEE/1984 66044General Book2025-05-28 
  620_100000000000000_BEE_1984 2014-12-11 1Circulation sectionCentral Library, BUETCentral Library, BUET 2014-12-11620.1/BEE/1984 66012General Book2015-02-23 
  620_100000000000000_BEE_1984 2015-01-19 6Circulation sectionCentral Library, BUETCentral Library, BUET 2015-01-19620.1/BEE/1984 66043General Book2015-12-22 
2022-11-21 620_100000000000000_BEE_1984 2015-02-16 7Circulation sectionCentral Library, BUETCentral Library, BUET12015-02-16620.1/BEE/1984 81336General Book2022-12-13 
2018-04-18 620_100000000000000_BEE_1984 2015-04-01 1Circulation sectionCentral Library, BUETCentral Library, BUET12015-04-01620.1/BEE/1984 66048General Book2018-04-30 
  620_100000000000000_BEE_1984 2015-06-21 9Reading sectionCentral Library, BUETCentral Library, BUET 2015-06-21620.1/BEE/1984 66015Reading Item2015-06-21 
  620_100000000000000_BEE_1984 2015-06-22 10Reading sectionCentral Library, BUETCentral Library, BUET 2015-06-22620.1/BEE/1984 66014General Book2015-06-22 
  620_100000000000000_BEE_1984 2015-06-22 11Reading sectionCentral Library, BUETCentral Library, BUET 2015-06-22620.1/BEE/1984 66013General Book2015-06-22 
  620_010000000000000_BEE_1984 2015-06-29 12Reading sectionCentral Library, BUETCentral Library, BUET 2015-06-29620.01/BEE/1984 66095Reading Item2015-06-29 
  620_100000000000000_BEE_1984 2015-07-28 13Circulation sectionCentral Library, BUETCentral Library, BUET 2015-07-28620.1/BEE/1984 75502General Book2015-07-28